000 00915nas a2200289 4500
001 BR9701934
003 BR-BrBNA
005 20231205100137.0
007 ta
008 230509b bl.|||p| |||| 00| 00por d
040 _aBR-BrBNA
_bpor
_cBiblioteca Nacional de Agricultura
041 _a(Pt)
072 _aL73
100 1 _aMendonca, C.L. de
100 1 _aLazaro, N. dos S.
100 1 _aCastro, R.S. de
100 1 _aAfonso, J.A.B.
100 1 _aHofer, E.
245 1 _aPerfil de resistencia a antimicrobianos em Escherichia coli enterotoxigenica (st)Salmonella sp em bezerros no agreste meridional de Pernambuco
650 _aBezerro
650 _aDiarreia
650 _aBacteria
650 _aPernambuco
773 0 _tPesquisa Veterinaria Brasileira (Brazil)
_xISSN 0100-736X
_g(Oct-Dec 1996), v. 16(4) p. 127-131
_wBR9701934
909 _a202311
_bLúcia
_c55
_dLúcia Elande
942 _2AGRIS
_n0
_cANA
999 _c154481
_d154481